000 01113nam a2200313Ia 4500
001 Para_10471
003 CHAP
008 220125s9999 xx 000 0 und d
010 _a209077
020 _a978 - 84 - 282 - 1089 - 8
040 _cCHAP
082 _aPA 589.2 E93
100 _aEvans, Shelley
_9175292
245 _aHongos /
_c Shelley Evans, Geoffrey Kybby; traducción y adaptación a la península Ibérica Manuel Pijoan
260 _aEspaña :
_b Omega
300 _a296 p.
440 _aGuía de bolsillo
_9175293
500 _aUna Guía fotográfica única de los hongos de España y de Europa \ Compacta y Guía compacta y fácil de usar, esta asombrosa guía da vida a más de 440 especies de hongos mediante fotografías de gran calidad.
650 _aHongos
_x España
_x Identificación
_9175294
700 _aI.Geoffrey Kybby, coat.
_9175295
700 _aManuel Pijoan, tr.
_9175296
901 _aPA 589.2 E93
902 _aM
905 _a523220 2005 a 8000000300 06
910 _a
942 _cPARA
942 _cPARA
_d1
999 _c209077
_d209077